header

Essentials of glaucoma surgery / (Record no. 87328)

MARC details
000 -LEADER
fixed length control field 03475nam a2200385 i 4500
001 - CONTROL NUMBER
control field ebr10824141
003 - CONTROL NUMBER IDENTIFIER
control field CaPaEBR
006 - FIXED-LENGTH DATA ELEMENTS--ADDITIONAL MATERIAL CHARACTERISTICS--GENERAL INFORMATION
fixed length control field m o d
007 - PHYSICAL DESCRIPTION FIXED FIELD--GENERAL INFORMATION
fixed length control field cr cn|||||||||
008 - FIXED-LENGTH DATA ELEMENTS--GENERAL INFORMATION
fixed length control field 120514t20122012njua ob 001 0 eng|d
020 ## - INTERNATIONAL STANDARD BOOK NUMBER
Cancelled/invalid ISBN 9781617110122 (pbk. : alk. paper)
International Standard Book Number 9781617119354 (e-book)
040 ## - CATALOGING SOURCE
Original cataloging agency CaPaEBR
Language of cataloging eng
Description conventions rda
-- pn
Transcribing agency CaPaEBR
035 ## - SYSTEM CONTROL NUMBER
System control number (OCoLC)868929207
050 14 - LIBRARY OF CONGRESS CALL NUMBER
Classification number RE781
Item number .E87 2012eb
082 04 - DEWEY DECIMAL CLASSIFICATION NUMBER
Classification number 617.7/41059
Edition number 23
245 00 - TITLE STATEMENT
Title Essentials of glaucoma surgery /
Statement of responsibility, etc edited by Malik Y. Kahook.
264 #1 - PRODUCTION, PUBLICATION, DISTRIBUTION, MANUFACTURE, AND COPYRIGHT NOTICE
Place of production, publication, distribution, manufacture Thorofare, New Jersey :
Name of producer, publisher, distributor, manufacturer SLACK Inc.,
Date of production, publication, distribution, manufacture, or copyright notice [2012]
Date of production, publication, distribution, manufacture, or copyright notice �2012
300 ## - PHYSICAL DESCRIPTION
Extent 1 online resource (456 pages) :
Other physical details color illustrations
336 ## - CONTENT TYPE
Content type term text
Source rdacontent
337 ## - MEDIA TYPE
Media type term computer
Source rdamedia
338 ## - CARRIER TYPE
Carrier type term online resource
Source rdacarrier
504 ## - BIBLIOGRAPHY, ETC. NOTE
Bibliography, etc Includes bibliographical references and index.
505 0# - FORMATTED CONTENTS NOTE
Formatted contents note section I. Introduction to basic concepts of glaucoma surgery -- section II. Trabeculectomy -- section III. Glaucoma drainage device implantation -- section IV. Glaucoma surgery combined with cataract extraction -- section V. Lasers -- section VI. Less common surgeries -- section VII. Surgical management of complicated glaucomas -- section VIII. Novel approaches -- section IX. Surgical trials and regulatory insights -- section X. Perspectives on surgery from the experts.
520 ## - SUMMARY, ETC.
Summary, etc "Essentials of Glaucoma Surgery provides a window into glaucoma surgical procedures with rapid insight and ready-to-reference information from more than 50 experienced surgeons in the profession. This resource uses a real world approach to explain surgical glaucoma, allowing the information to be quickly digested and put to use by the reader. Essentials of Glaucoma Surgery is led by Dr. Malik Y. Kahook and uses concise and straightforward text to clearly explain surgical procedures, along with pearls of practice to augment the chapters and provide advice from the experts, therefore preparing the reader for the operating room. This comprehensive handbook offers explanations of surgical instruments, expert FDA information related to current regulation of surgical devices in the United States, and an appendix of surgical dictations. Essentials of Glaucoma Surgery also includes sections that uniquely add historical context, as well as sections with information on the regulatory environment as it relates to devices used for the surgical management of glaucoma. Additionally, a section is included that offers perspectives from renowned experts on glaucoma surgery from where it began to where the future will go. With its real-world approach, user-friendly format, expert advice, and unique point of view, practicing ophthalmologists, residents, fellows, and medical students will benefit from Essentials of Glaucoma Surgery"--Provided by publisher.
588 ## - SOURCE OF DESCRIPTION NOTE
Source of description note Description based on print version record.
590 ## - LOCAL NOTE (RLIN)
Local note Electronic reproduction. Palo Alto, Calif. : ebrary, 2014. Available via World Wide Web. Access may be limited to ebrary affiliated libraries.
650 #0 - SUBJECT ADDED ENTRY--TOPICAL TERM
Topical term or geographic name as entry element Glaucoma
General subdivision Surgery.
655 #0 - INDEX TERM--GENRE/FORM
Genre/form data or focus term Electronic books.
700 1# - ADDED ENTRY--PERSONAL NAME
Personal name Kahook, Malik Y.
776 08 - ADDITIONAL PHYSICAL FORM ENTRY
Display text Print version:
Title Essentials of glaucoma surgery.
Place, publisher, and date of publication Thorofare, New Jersey : SLACK Inc., [2012]
Physical description xxiv, 429 pages
International Standard Book Number 9781617110122
Record control number (DNLM)101584080
-- (DLC)10824141
797 2# - LOCAL ADDED ENTRY--CORPORATE NAME (RLIN)
Corporate name or jurisdiction name as entry element ebrary.
856 40 - ELECTRONIC LOCATION AND ACCESS
Uniform Resource Identifier <a href="http://site.ebrary.com/lib/rucke/Doc?id=10824141">http://site.ebrary.com/lib/rucke/Doc?id=10824141</a>
Public note An electronic book accessible through the World Wide Web; click to view

No items available.

© 2026 Rongo University
Contact us: librarian | system librarian | Rongo university